000 02369cam a22004934i 4500
003 PE-LiUPU
005 20250731173426.0
008 150706s2010 flu rb 000 0 spa d
020 _a9780829757514
035 _a(Sirsi) i9780829757514
040 _aPE-LiUPU
_bspa
_cPE-LiUPU
_erda
049 _aPRUA
082 0 4 _a248.4
_bW72
_221
100 1 _aWillard, Dallas,
_d1935- ,
_eautor.
245 1 3 _aEl espíritu de las disciplinas :
_b¿cómo transforma Dios la vida? /
_cDallas Willard ; traducción y edición por: Rojas y Rojas editores.
264 1 _aFlorida :
_bVida,
_c2010.
300 _a271 páginas ;
_c22 centímetros
336 _atext
_2rdacontent
337 _aunmediated
_2rdamedia
338 _avolume
_2rdacarrier
500 _aOriginalmente publicado en Estados Unidos bajo el título The Spirit of the disciplines.
504 _aIncluye bibliografía páginas : 267-271.
505 0 _aEl secreto del yugo fácil -- Hacer práctica la teología de las disciplinas -- La salvación es una vida -- "Poco menos que un dios" -- La naturaleza de la vida -- La vida espiritual: la realización del cuerpo -- La psicología de la redención de San Pablo. El ejemplo -- La historia y el significado de las disciplinas -- Algunas disciplinas fundamentales para la vida espiritual -- ¿Es espiritual la pobreza? -- Las disciplinas y las estructuras de poder de este mundo -- El consejo de Jeremy Taylor sobre la aplicación de las reglas para la vida santa -- El discipulado: ¿solo para supercristianos?
526 _aSEG42
526 _aSEG41
526 _aSEG40
526 _aSEG39
526 _aP94
526 _aP87
526 _aP86
526 _aP85
526 _aP77
526 _aP76
526 _aP35
541 _g001-0000612;
650 0 4 _aVida espiritual
_xCristianismo.
650 0 4 _aVida cristiana.
910 _agl
_cjck
_d2012119
942 _2ddc
_cBOOK
949 _a248.4 W72
_wDEWEY
_c1
_i65787
_lCCODEBUL1
_mBUL
_p31.00
_r0
_sY
_tBOOK
_u2015-7-6
_xTEOLOGIA
_PP35
_o.STAFF. Colección General
994 _aC0
_bPEPRU
596 _a1
999 _a248.4 W72
_wDEWEY
_c54195
_i65787
_d54195
_e2019-1-25
_f2021-11-11
_g5
_lCCODEBUL1
_mBUL
_n11
_p31.00
_q3
_r0
_sY
_tBOOK
_u2015-7-6
_xTEOLOGIA
_PP35
_0COMPRA
_o.STAFF. Colección Teología
980 _81
_gALBERTO SANCHEZ Responsable de Automatización